L’asilo dalla Convenzione di Ginevra al Diritto dell’Unione Europea

Bibliographic Details
Main Author: Cherubini, Francesco
Format: eBook
Language:Italian
Published: Bari : Cacucci Editore, 2013
Subjects:
Online Access:http://www.vlex.com/source/7260

MARC

LEADER 00000nam a22000007a 4500
005 20130225183813.0
007 cr|||| ||||
008 130225e2013 it |||||s|||| 00||0 ita d
020 |a 9788866112037 
035 |a 7260 
040 |a vLex 
090 |c 3760  |d 3760 
100 1 0 |a Cherubini, Francesco 
245 1 2 |a L’asilo dalla Convenzione di Ginevra al Diritto dell’Unione Europea  |h [Recurso electrn̤ico] 
256 |a Servicio en ln̕ea 
260 |a Bari :  |b Cacucci Editore,   |c 2013  
300 |a 1 Recurso electrn̤ico 
650 0 4 |a Unin̤ Europea 
650 0 4 |a Convencin̤ de Ginebra 
650 0 4 |a Derecho de asilo 
650 0 4 |a Derechos Humanos 
740 |a vLex Libros (Servicio en ln̕ea) 
856 |a Acceso restringido  |u http://www.vlex.com/source/7260 
942 |c BOOK 
999 0 |a Human rights